书目信息 |
| 题名: |
新编新活力英语
|
|
| 作者: | 季舒鸿 , 白莉 主编 | |
| 分册: | 1 | |
| 出版信息: | 合肥 安徽大学出版社 2011.05 |
|
| 页数: | 166页 | |
| 开本: | 26cm | |
| 丛书名: | ||
| 单 册: | ||
| 中图分类: | H31 | |
| 科图分类: | ||
| 主题词: | 英语--ying yu--高等职业教育--教材 | |
| 电子资源: | ||
| ISBN: | 978-7-5664-0109-0 | |
| 000 | 00994nam0 2200277 450 | |
| 001 | 012011470469 | |
| 005 | 20111117151802.98 | |
| 010 | @a978-7-5664-0109-0@dCNY27.00 | |
| 100 | @a20111117d2011 em y0chiy0120 ea | |
| 101 | 0 | @achi@aeng |
| 102 | @aCN@b340000 | |
| 105 | @aa z 000yy | |
| 106 | @ar | |
| 200 | 1 | @a新编新活力英语@Axin bian xin huo li ying yu@d= New energetic english@e学生用书@h1@f季舒鸿, 白莉主编@Fzhu bian ji shu hong,bai li |
| 210 | @a合肥@c安徽大学出版社@d2011.05 | |
| 215 | @a166页@c图@d26cm | |
| 300 | @a高职高专“十一五”规划教材 | |
| 330 | @a本书特点:难易适中,选材紧密联系现实生活,编排科学,符合高职高专学生的认知特点和学习习惯,语言训练由易到难,循序渐进。 | |
| 510 | 1 | @aNew energetic english@zeng |
| 517 | 1 | @a学生用书@Axue sheng yong shu |
| 606 | 0 | @a英语@Aying yu@x高等职业教育@j教材 |
| 690 | @aH31@v4 | |
| 701 | 0 | @a季舒鸿@Aji shu hong@4主编 |
| 701 | 0 | @a白莉@Abai li@4主编 |
| 801 | 0 | @aCN@bQSSK@c20111117 |
| 905 | @b795093-95@dH31@eJ178:1@f3 | |
| 新编新活力英语= New energetic english:学生用书.1/季舒鸿, 白莉主编.-合肥:安徽大学出版社,2011.05 |
| 166页:图;26cm |
| 高职高专“十一五”规划教材 |
| ISBN 978-7-5664-0109-0:CNY27.00 |
| 本书特点:难易适中,选材紧密联系现实生活,编排科学,符合高职高专学生的认知特点和学习习惯,语言训练由易到难,循序渐进。 |
| ● |
| 相关链接 |
|
|
|
正题名:新编新活力英语
索取号:H31/J178:1
 
预约/预借
| 序号 | 登录号 | 条形码 | 馆藏地/架位号 | 状态 | 备注 |
| 1 | 795093 | 207950939 | 语言库209/209语言库 82排3列3层/ [索取号:H31/J178:1] | 在馆 | |
| 2 | 795094 | 207950948 | 语言库209/209语言库 82排3列3层/ [索取号:H31/J178:1] | 在馆 | |
| 3 | 795095 | 207950957 | 语言库209/209语言库 82排3列3层/ [索取号:H31/J178:1] | 在馆 |